000 00863nam a2200217 i 4500
001 170848
003 ES-MaACL
005 20250808062748.0
008 090413s1956 sp |||| | spa d
245 0 4 _aLos evangelios apócrifos
_b: colección de textos griegos y latinos /
_cversión crítica, estudios introductorios, comentarios e ilustraciones por Aurelio de Santos Otero.
260 _aMadrid :
_bLa Editorial Católica,
_c1956.
300 _aXVI, 761 p., XXXII h. de lam. :
_bil. ;
_c20 cm.
490 1 _aBiblioteca de autores cristianos ;
_v148
500 _aÍndices.
546 _aTextos en latín y griego, traducciones en español.
700 1 _aSantos Otero, Aurelio de.
_9103520
730 0 2 _aBiblia.
_pApócrifos.
_9119280
830 0 0 _aBiblioteca de autores cristianos
_v148
_9178679
852 _aES-MaACL
_jJ-146
999 _c170848
_d170848